LEADER 03274nam a2200289 i 4500 001 000000025168 003 CaOOAMICUS 005 20221025143136.0 008 180830s17261727it u000 u ita u 040 $aSeMil$bita 100 1 $aAlighieri, Dante,$d<1265-1321>.$0(OLS)http://semarc/name/453 240 10$aDivina Commedia.$0(OLS)http://semarc/title/1597 245 13$aLa Divina commedia di Dante Alighieri, già ridotta a miglior lezione dagli Accademici della Crusca; ed ora accresciuta di un doppio rimario, e di tre indici copiosissimi, per opera del signor Gio. Antonio Volpi ... Il tutto distribuito in tre volumi ... 264 1$aIn Padova :$bAppresso Giuseppe Comino,$c1726-1727$e(In Padova :$f[Giovanni e Gaetano Volpi]) 300 $a3 v. ;$c8°. 500 $aStemma edit. dei Volpi in fine ad ogni vol. 700 1 $aComino, Giuseppe.$0(OLS)http://semarc/name/11138 700 1 $aVolpi, Giovanni Antonio & Volpi, Gaetano,$c.$0(OLS)http://semarc/name/11139 774 0 $aAlighieri, Dante <1265-1321>$t[1]: La Divina commedia di Dante Alighieri, già ridotta a miglior lezione dagli Accademici della Crusca; ed ora accresciuta di un doppio rimario, e di tre indici copiosissimi, per opera del signor Gio. Antonio Volpi ...$dIn Padova : Presso Giuseppe Comino, 1727.$w()38961 774 0 $aAlighieri, Dante <1265-1321>$t[2]: Rimario di tutte le desinenze de' versi della Divina Commedia di Dante Alighieri ordinato ne' suoi versi interi co' numeri segnati in ciascun terzetto ; i quali citano distintamente i Capitoli dell'Inferno, del Purgatorio, e del Paradiso. Opera già pubblicata in Napoli l'anno 1602 da Carlo Noci, presso Gian-Jacopo Carlino, ed ora notabilmente migliorata, arricchita d'un indice delle sole rime, e in tutto corrispondente al testo de' signori accademici della Crusca.$dIn Padova : Presso Giuseppe Comino, 1726.$w()38960 774 0 $aAlighieri, Dante <1265-1321>$t[2]: Rimario di tutte le desinenze de' versi della Divina Commedia di Dante Alighieri ordinato ne' suoi versi interi co' numeri segnati in ciascun terzetto ; i quali citano distintamente i Capitoli dell'Inferno, del Purgatorio, e del Paradiso. Opera già pubblicata in Napoli l'anno 1602 da Carlo Noci, presso Gian-Jacopo Carlino, ed ora notabilmente migliorata, arricchita d'un indice delle sole rime, e in tutto corrispondente al testo de' signori accademici della Crusca.$dIn Padova : Appresso Giuseppe Comino, 1726 (In Padova : [Giovanni e Gaetano Volpi])$w()203798 774 0 $tVolume terzo che abbraccia i soliti argomenti, e le allegorie sopra ogni canto del poema di Dante Alighieri; e di più tre indici ricchissimi, ... composti con somma diligenza dal sig. Gio. Antonio Volpi.$w()38955 850 $aSeMil 852 $aSeMil$W1$xVenegono$y1$gvol. 1-3, 2 copie del vol. 2$B225378$CSeMilBibl$Z2$F225378 $8I 996 $6245$aLa Divina commedia di Dante Alighieri, già ridotta a miglior lezione dagli Accademici della Crusca; ed ora accresciuta di un doppio rimario, e di tre indici copiosissimi, per opera del signor Gio. Antonio Volpi ... Il tutto distribuito in tre volumi ...$9(OLS)http://semarc/title/33894 996 $6264$aIn Padova :$bAppresso Giuseppe Comino$9(OLS)http://semarc/publisher/43940 LEADER 01285nam a2200265 i 4500 001 000000072958 003 CaOOAMICUS 005 20090505000000.0 008 090505s1963 it u000 u ita u 013 $a44130 040 $aSeMil$bita 100 1 $aJung, Carl Gustav,$d<1875-1961>.$0(OLS)http://semarc/name/6144 240 14$aDie Psychologie der Übertragung.$0(OLS)http://semarc/title/117741 245 13$aLa psicologia del transfert :$bcommentata con l'ausilio di 12 illustrazioni alchimistiche : per medici e psicologi pratici /$cCarl Gustav Jung ; traduzione di Silvano Daniele. 250 $a2. ed. 260 $aMilano :$bIl Saggiatore,$c1963. 300 $a183 p. :$bill. ;$c21 cm. 490 0 $aLa cultura ;$v51 650 4$aPsicologia - Transfert.$0(OLS)http://semarc/subject/16308 700 1 $aDaniele, Silvano.$0(OLS)http://semarc/name/36127 830 3$aLa cultura ;$v51.$0(OLS)http://semarc/title/6877 850 $aSeMil 852 $aSeMil$W1$xVenegono$y1$m2Q III 201$j39111$B39111$CSeMilBibl$Z2$F39114 $81 996 $6245$aLa psicologia del transfert :$bcommentata con l'ausilio di 12 illustrazioni alchimistiche : per medici e psicologi pratici$9(OLS)http://semarc/title/117740 996 $6260$aMilano :$bIl Saggiatore$9(OLS)http://semarc/publisher/30255